<?xml version="1.0" encoding="UTF-8"?>
<record
    xmlns:xsi="http://www.w3.org/2001/XMLSchema-instance"
    xsi:schemaLocation="http://www.loc.gov/MARC21/slim http://www.loc.gov/standards/marcxml/schema/MARC21slim.xsd"
    xmlns="http://www.loc.gov/MARC21/slim">

  <leader>01018nab a2200205 i 4500</leader>
  <controlfield tag="001">893</controlfield>
  <controlfield tag="003">KOSZ 005</controlfield>
  <controlfield tag="005">20191005120147.0</controlfield>
  <controlfield tag="008">141002s1994    pl     f     |000 0 pol</controlfield>
  <datafield tag="040" ind1=" " ind2=" ">
    <subfield code="c">BPK</subfield>
    <subfield code="d">KOSZ 005/EG</subfield>
  </datafield>
  <datafield tag="080" ind1=" " ind2=" ">
    <subfield code="a">628.567</subfield>
  </datafield>
  <datafield tag="100" ind1="1" ind2=" ">
    <subfield code="a">Piecuch, Tadeusz</subfield>
    <subfield code="e">Autor</subfield>
    <subfield code="d">1987 - 1996.</subfield>
    <subfield code="b">Wy&#x17C;sza Szko&#x142;a In&#x17C;ynierska w Koszalinie - Wydzia&#x142; In&#x17C;ynierii L&#x105;dowej i Sanitarnej,</subfield>
    <subfield code="c">Katedra Technologii Wody, &#x15A;ciek&#xF3;w i Odpad&#xF3;w</subfield>
  </datafield>
  <datafield tag="245" ind1="1" ind2="0">
    <subfield code="a">Badania nad mo&#x17C;liwo&#x15B;ci&#x105; odzysku stali wolframowo-molibdenowej oraz korundu z zawiesin poprodukcyjnych /</subfield>
    <subfield code="c">Tadeusz Piecuch, Janusz D&#x105;browski.</subfield>
  </datafield>
  <datafield tag="500" ind1=" " ind2=" ">
    <subfield code="a">Dane z bibliografii za&#x142;&#x105;cznikowej.</subfield>
  </datafield>
  <datafield tag="650" ind1=" " ind2="0">
    <subfield code="a">Zawiesiny.</subfield>
  </datafield>
  <datafield tag="650" ind1=" " ind2="0">
    <subfield code="a">Odpady przemys&#x142;owe.</subfield>
  </datafield>
  <datafield tag="700" ind1="1" ind2=" ">
    <subfield code="a">D&#x104;BROWSKI, Janusz.</subfield>
    <subfield code="d">1990 - 1996.</subfield>
    <subfield code="b">Wy&#x17C;sza Szko&#x142;a In&#x17C;ynierska w Koszalinie - Wydzia&#x142; In&#x17C;ynierii L&#x105;dowej i Sanitarnej,</subfield>
    <subfield code="c">Katedra Technologii Wody, &#x15A;ciek&#xF3;w i Odpad&#xF3;w</subfield>
  </datafield>
  <datafield tag="773" ind1="0" ind2=" ">
    <subfield code="i">W :</subfield>
    <subfield code="t">Gospodarka Surowcami Mineralnymi. Kwartalnik PAN. -</subfield>
    <subfield code="g">1994, T. 10, z. 1</subfield>
  </datafield>
  <datafield tag="942" ind1=" " ind2=" ">
    <subfield code="c">ART</subfield>
    <subfield code="2">UKD</subfield>
  </datafield>
  <datafield tag="999" ind1=" " ind2=" ">
    <subfield code="c">893</subfield>
    <subfield code="d">893</subfield>
  </datafield>
</record>
